| Tag |
First Indicator |
Second Indicator |
Subfields |
| LEADER |
00000cam a2200000 a 4500 |
| 001 |
in00000073005 |
| 005 |
20151008060014.0 |
| 008 |
790129s1979 nyua j 00110 engm |
| 010 |
|
|
|a 79000994
|
| 020 |
|
|
|a 0671329995
|
| 035 |
|
|
|a (OCoLC)04664518
|
| 035 |
|
|
|9 AAJ4943AM
|
| 040 |
|
|
|a DLC
|c DLC
|d m.c.
|d TXA
|d UtOrBLW
|
| 043 |
|
|
|a f------
|
| 049 |
|
|
|a [Curr Col] TXAM
|c [1361687]
|
| 050 |
0 |
0 |
|a QL336
|b .A4
|
| 082 |
0 |
|
|a 599/.0967
|
| 100 |
1 |
|
|a Adrian, Mary,
|d 1908-1995.
|
| 245 |
1 |
0 |
|a Wildlife on the African grasslands /
|c by Mary Adrian ; illustrated by Bette J. Davis.
|
| 264 |
|
1 |
|a New York :
|b J. Messner,
|c [1979]
|
| 264 |
|
4 |
|c ©1979
|
| 300 |
|
|
|a 64 pages :
|b illustrations ;
|c 22 cm.
|
| 336 |
|
|
|a text
|b txt
|2 rdacontent
|
| 337 |
|
|
|a unmediated
|b n
|2 rdamedia
|
| 338 |
|
|
|a volume
|b nc
|2 rdacarrier
|
| 500 |
|
|
|a Includes index.
|
| 520 |
|
|
|a Describes the varied animal life of the African grasslands, focusing on the lion, leopard, cheetah, and zebra. Also describes efforts to protect increasingly scarce African wildlife.
|
| 650 |
|
0 |
|a Grassland animals
|z Africa
|x Juvenile literature.
|
| 650 |
|
0 |
|a Zoology
|z Africa
|v Juvenile literature.
|
| 650 |
|
1 |
|a Grassland animals
|z Africa.
|
| 650 |
|
1 |
|a Zoology
|z Africa.
|
| 700 |
1 |
|
|a Davis, Bette J.
|
| 999 |
|
|
|a MARS
|
| 999 |
f |
f |
|s 71308b4f-aecd-3d03-abe5-446a27260a02
|i f767a5b9-5004-3d0b-beff-623958377a32
|t 0
|
| 952 |
f |
f |
|p normal
|a Texas A&M University
|b College Station
|c Sterling C. Evans Library
|d Evans: Curriculum Collection (4th floor)
|t 0
|e QL336 .A4
|h Library of Congress classification
|i unmediated -- volume
|m A14806055898
|
| 998 |
f |
f |
|a QL336 .A4
|t 0
|l Evans: Curriculum Collection (4th floor)
|